Property sector review. - No. 10 (September 1978) - No. 25 (September 1984) (Record no. 92090)

MARC details
000 -LEADER
fixed length control field 00646cam a2200217 4500
001 - CONTROL NUMBER
control field B1952
008 - FIXED-LENGTH DATA ELEMENTS--GENERAL INFORMATION
fixed length control field 090401t1984 xxu||||| |||| 00| 0 eng d
035 ## - SYSTEM CONTROL NUMBER
System control number (Sirsi) u47266
041 ## - LANGUAGE CODE
Language code of text/sound track or separate title eng
050 ## - LIBRARY OF CONGRESS CALL NUMBER
Classification number 333.33
110 ## - MAIN ENTRY--CORPORATE NAME
Corporate name or jurisdiction name as entry element Vickers da Costa Ltd
9 (RLIN) 2648
245 ## - TITLE STATEMENT
Title Property sector review. - No. 10 (September 1978) - No. 25 (September 1984)
260 ## - PUBLICATION, DISTRIBUTION, ETC.
Place of publication, distribution, etc. London
Name of publisher, distributor, etc. Vickers da Costa Ltd
Date of publication, distribution, etc. 1978-1984
300 ## - PHYSICAL DESCRIPTION
Extent 13v. : ill. ; 30cm.
350 ## - PRICE (NR) (BK AM CF MU VM SE) [OBSOLETE]
Price 0
520 ## - SUMMARY, ETC.
Summary, etc. Lacks Nos 16-17, 23. - Nos 10-20 entitled Property Quarterly Review.
650 ## - SUBJECT ADDED ENTRY--TOPICAL TERM
Topical term or geographic name entry element PROPERTY COMPANIES
650 ## - SUBJECT ADDED ENTRY--TOPICAL TERM
Topical term or geographic name entry element PROPERTY INVESTMENT
942 ## - ADDED ENTRY ELEMENTS (KOHA)
Suppress in OPAC 0
948 ## - LOCAL PROCESSING INFORMATION (OCLC); SERIES PART DESIGNATOR (RLIN)
c (OCLC) 04/03/1997
Holdings
Withdrawn status Lost status Source of classification or shelving scheme Damaged status Not for loan Home library Current library Shelving location Date acquired Total Checkouts Full call number Barcode Date last seen Copy number Price effective from Koha item type
    Dewey Decimal Classification     London London Property market reports 22/08/1991   LIBRARY ANNEXE 30028448 06/08/2019 1 06/08/2019 Book
    Dewey Decimal Classification     London London Property market reports 22/08/1991   LIBRARY ANNEXE 30028449 06/08/2019 2 06/08/2019 Book
    Dewey Decimal Classification     London London Property market reports 22/08/1991   LIBRARY ANNEXE 30028450 06/08/2019 3 06/08/2019 Book
    Dewey Decimal Classification     London London Property market reports 22/08/1991   LIBRARY ANNEXE 30028451 06/08/2019 4 06/08/2019 Book
    Dewey Decimal Classification     London London Property market reports 22/08/1991   LIBRARY ANNEXE 30028452 06/08/2019 5 06/08/2019 Book
    Dewey Decimal Classification     London London Property market reports 22/08/1991   LIBRARY ANNEXE 30028453 06/08/2019 6 06/08/2019 Book
    Dewey Decimal Classification     London London Property market reports 22/08/1991   LIBRARY ANNEXE 30028455 06/08/2019 7 06/08/2019 Book
    Dewey Decimal Classification     London London Property market reports 22/08/1991   LIBRARY ANNEXE 30028456 06/08/2019 8 06/08/2019 Book
    Dewey Decimal Classification     London London Property market reports 22/08/1991   LIBRARY ANNEXE 30028457 06/08/2019 9 06/08/2019 Book
    Dewey Decimal Classification     London London Property market reports 22/08/1991   LIBRARY ANNEXE 30028458 06/08/2019 10 06/08/2019 Book
    Dewey Decimal Classification     London London Property market reports 22/08/1991   LIBRARY ANNEXE 30028459 06/08/2019 11 06/08/2019 Book
    Dewey Decimal Classification     London London Property market reports 22/08/1991   LIBRARY ANNEXE 30028460 06/08/2019 12 06/08/2019 Book
    Dewey Decimal Classification     London London Property market reports 22/08/1991   LIBRARY ANNEXE 30028461 06/08/2019 13 06/08/2019 Book